000 00485nam a2200169 i 4500
001 99201
003 ES-MaACL
005 20230906182447.0
007 t|
008 050902s1919 fr ||||1| fre d
100 1 _aMartin, Louis.
_977338
245 1 0 _aSpirochétose ictérohemorragique /
_cpar Louis Martin et Auguste Pettit.
260 _aParis :
_b[s.n.],
_c1919 (
_fL. Maretheux)
300 _a284 p. ;
_c25 cm.
700 1 _aPettit, Auguste.
_991571
852 _aES-MaACL
_jB-12125
999 _c99201
_d99201